00898 a2200217 4500999001900000005001700019010001300036020002600049035001300075037001600088082000800104100004900112245013300161250001100294260004600305270006900351300002700420500005300447942003800500952014200538 c163780d16378020190430133338.0 aB-225866 c595.00a9780195690507 aB-225866 bDBAD / PUB14a323 aSouth Asia Human Rights Documentation Centre1 aHandbook of human rights and criminal justice in India:bthe system and procedure/cSouth Asia Human Rights Documentation Centre a2nd ed aNew DelhibOxford University Pressc2007 aYMCA Library Building, Jai Singh RoadbNew DelhicDelhie110001 axiv, 217p.c26 cm (Hb) aIt Includes bibliographical references & index. adplcENk323 / HAN2ddch323mHAN 001040708NFICaLbLd2019-04-30eDBAD/PUBg595.00l3m2o323 HANpB-225866r2020-02-20 00:00:00s2020-01-15t1v595.00w2019-04-30yEN